000 01240nam a2200313 i 4500
001 000036893
003 DO-SdBNP
005 20250203141438.0
007 ta
008 120203t2011 dr ahoc 001 e spa d
020 _a9789945074437
040 _aDO-SdBNP
_bspa
_cBNPHU
_erda
082 4 _axxx
_bV217u
_222
245 0 0 _aRamón-Van Elder- Espinal :
_buna vida intelectual comprometida /
_ccompilación y estudio preliminar, Alfredo Rafael Hernández Figueroa, edición, Tomás Castro Burdiez
264 1 _aSanto Domingo :
_bArchivo General de la Nación,
_c2011.
300 _a340 páginas :
_bIlustraciones, facsímil, fotografías, retrato ;
_c23 cm.
336 _2rdacontent
_atexto
_btxt
337 _2rdamedia
_asin mediación
_bn
338 _2rdacarrier
_avolumen
_bnc
490 0 _aArchivo General de la Nación ;
_v150
500 _aIncluye índice.
504 _aBibliografía : páginas 309-314.
590 _aInventariado 2024 / MF
600 4 _aVan Eder Espinal, Ramón,
_d1906 - 1945
_xBiografía
_985151
600 4 _aHernández Figueroa, Alfredo Rafael
_96902
700 1 _aHernández Figueroa, Alfredo Rafael,
_ecompilador
_4comp.
_96902
700 1 _aCastro Burdiez, Tomás,
_eeditor
_4ed.
_985152
942 _2ddc
_cLBS1
999 _c36384
_d36384